[Event "40th TCh-GRE 2012"]
[Site "Achaea GRE"]
[Date "2012.07.04"]
[Round "6.4"]
[White "Videnova,I"]
[Black "Zawadzka,J"]
[Result "1/2-1/2"]
[WhiteElo "2313"]
[BlackElo "2361"]

1.e4 c5 2.Nf3 d6 3.d4 cxd4 4.Nxd4 Nf6 5.Nc3 Nc6 6.Bg5 e6 7.Qd2 a6 8.O-O-O Bd7
9.f4 h6 10.Bh4 Nxe4 11.Qe1 Nf6 12.Nf5 Qa5 13.Nxd6+ Bxd6 14.Rxd6 Qc7 15.Qd2 O-O-O
16.Be2 Ne7 17.Rd1 Nf5 18.Bxf6 gxf6 19.Rd3 Bc6 20.g3 Rxd3 21.Qxd3 Rd8 22.Qxd8+ Qxd8
23.Rxd8+ Kxd8 24.Kd2 Ke7 25.Bd3 Nd4 26.Ke3 Nf3 27.h4 Ne1 28.Ne4 f5 29.Nc5 Kd6
30.b4 a5 31.a3 axb4 32.axb4 b6 33.Nb3 e5 34.fxe5+ Kxe5 35.Bxf5 Kxf5 36.Nd4+ Kg4
37.Nxc6 Nxc2+ 38.Kf2 f6 39.b5 Na3 40.Nb4 Nxb5 41.Nd5 Nd4 42.Nxb6 Nf5 43.Nd5 Nxg3
44.Nxf6+ Kxh4 45.Ng8 Ne4+ 46.Ke3 Nd6  1/2-1/2

[Event "35th Barbera Open A"]
[Site "Barbera del Valles ESP"]
[Date "2012.07.04"]
[Round "1.42"]
[White "Alsina Leal,D"]
[Black "Dukaczewski,P"]
[Result "1-0"]
[WhiteElo "2535"]
[BlackElo "2249"]

1.e4 c5 2.Nf3 Nc6 3.d4 cxd4 4.Nxd4 Nf6 5.Nc3 d6 6.Bg5 e6 7.Qd2 a6 8.O-O-O Bd7
9.f4 h6 10.Bh4 Nxe4 11.Qe1 Nf6 12.Nf5 Qa5 13.Nxd6+ Bxd6 14.Rxd6 Qc7 15.Rd2 O-O-O
16.Bxf6 gxf6 17.Qh4 f5 18.Be2 Be8 19.Rhd1 Rxd2 20.Rxd2 Qe7 21.Qf2 Qc7 22.Qg3 Ne7
23.Bh5 Ng6 24.Bxg6 fxg6 25.Qh4 Rh7 26.Qf6 Qe7 27.Qe5 g5 28.Ne2 Bd7 29.Rd3 gxf4
30.Nxf4 Qe8 31.Nd5 Qd8 32.Nf6 Rf7 33.Nxd7 Qg5+ 34.Kb1 Rxd7 35.Qc5+  1-0

[Event "II Holuj-Radzikowski Mem"]
[Site "Warsaw POL"]
[Date "2012.07.04"]
[Round "3.1"]
[White "Iwanow,A"]
[Black "Wisniowska,K"]
[Result "1-0"]
[WhiteElo "2186"]
[BlackElo "2165"]

1.e4 c5 2.Nf3 d6 3.d4 cxd4 4.Nxd4 Nf6 5.Nc3 Nc6 6.Bg5 e6 7.Qd2 a6 8.f3 Bd7
9.O-O-O h6 10.Be3 b5 11.Nxc6 Bxc6 12.g4 Qc7 13.Bg2 Be7 14.h4 Nd7 15.g5 Ne5
16.gxh6 gxh6 17.f4 Nc4 18.Qe2 Nxe3 19.Qxe3 Qa7 20.Qe1 O-O-O 21.Bh3 Qc5 22.Nd5 Rhe8
23.Qa5 Bxd5 24.exd5 Kb7 25.dxe6 fxe6 26.Kb1 Bf6 27.Rhe1 e5 28.fxe5 dxe5 29.Bg2+ Ka7
30.a4 Qb6 31.Qb4 e4 32.Rxd8 Qxd8 33.axb5 Qd4 34.Qxd4+ Bxd4 35.bxa6 e3 36.Bf1 Rb8
37.b3 Kb6 38.c3 Bc5 39.b4 Kc6 40.Kc2 Ba7 41.Be2 Rd8 42.Rd1 Rg8 43.h5 Rg2
44.Kd3 Kb5 45.Ra1 Rg8 46.Ra5+ Kc6 47.Bf3+ Kc7 48.Rb5 Rd8+ 49.Ke2 Rd2+ 50.Ke1 Rf2
51.Rb7+ Kd6 52.Be2  1-0

[Event "7th Wroclaw Open A"]
[Site "Wroclaw POL"]
[Date "2012.07.04"]
[Round "3.13"]
[White "Paszewski,M"]
[Black "Stremavicius,T"]
[Result "1-0"]
[WhiteElo "2028"]
[BlackElo "2221"]

1.e4 c5 2.Nf3 Nc6 3.d4 cxd4 4.Nxd4 Nf6 5.Nc3 d6 6.Bg5 Bd7 7.Be2 Qa5 8.Bxf6 gxf6
9.O-O Rg8 10.Nd5 Bh3 11.Bf3 Ne5 12.Ne3 Rc8 13.Kh1 Bd7 14.Be2 Bc6 15.f4 Ng6
16.Nxc6 bxc6 17.Bc4 Qc5 18.Qg4 Rb8 19.Rae1 h5 20.Qf5 Qxf5 21.exf5 Nh8 22.Rf3 Bh6
23.h3 d5 24.Bxd5 cxd5 25.Nxd5 Kd7 26.Rd3 Rgd8 27.Rxe7+ Kd6 28.Rxa7 Bxf4 29.Nxf4+ Ke5
30.Rxd8 Rxd8 31.Nxh5 Kxf5 32.Ra5+ Kg6 33.Nf4+ Kg7 34.Kh2 Rc8 35.c3 f5 36.Rxf5 Rb8
37.b4 Rc8 38.Rc5 Ra8 39.b5 f5 40.b6 Nf7 41.b7 Rb8 42.Rc7 Kf6 43.Nd5+ Ke6
44.Re7+  1-0

[Event "5th Int ch-Central Serbia 2012"]
[Site "Paracin SRB"]
[Date "2012.07.06"]
[Round "1.30"]
[White "Nestorovic,L"]
[Black "Dimic,P"]
[Result "1-0"]
[WhiteElo "2381"]
[BlackElo "2116"]

1.e4 c5 2.Nf3 d6 3.d4 cxd4 4.Nxd4 Nf6 5.Nc3 Nc6 6.Bg5 e6 7.Qd2 a6 8.O-O-O Bd7
9.f4 h6 10.Bxf6 Qxf6 11.Nb3 g5 12.g3 Qd8 13.Bh3 Qc7 14.Qe3 O-O-O 15.Rd3 Kb8
16.Rhd1 Bc8 17.a3 gxf4 18.gxf4 h5 19.Kb1 Bh6 20.Qf2 Rhg8 21.Ne2 Qe7 22.Ned4 Nxd4
23.Nxd4 d5 24.Rb3 Qc7 25.Rdd3 Ka8 26.e5 Bd7 27.Rdc3 Qa5 28.Rb4 Ba4 29.Qh4 Rd7
30.Nxe6 fxe6 31.Bxe6 d4 32.Rcc4 Rg1+ 33.Ka2 Bb5 34.Bxd7 Bxc4+ 35.Rxc4 Qd5
36.Qd8+ Ka7 37.Qc8 Bxf4 38.e6 Bd6 39.e7 Bxe7 40.Be6 Qd8 41.Qxd8 Bxd8 42.Rxd4 Bf6
43.Rd5 Rg2 44.Kb3 Rxh2 45.Rf5 Bd8 46.Bd5 b5 47.Kc3 Kb6 48.b4 Bc7 49.Kd3 h4
50.Rf6+ Ka7 51.Rf7 Rh3+ 52.Kd4 Kb8 53.c4 bxc4 54.Kc5 Bd8 55.Rb7+ Kc8 56.Kc6 Re3
57.Ra7 Kb8 58.Rxa6 Re7 59.Bxc4 Ra7 60.Kb5 Rb7+ 61.Kc5 Ra7 62.Rh6 Rxa3 63.b5 Rf3
64.Rh8 Rf5+ 65.Kd6 Rf6+ 66.Be6  1-0

[Event "7th Wroclaw Open A"]
[Site "Wroclaw POL"]
[Date "2012.07.06"]
[Round "5.7"]
[White "Dobrowolski,P"]
[Black "Klim,K"]
[Result "0-1"]
[WhiteElo "2426"]
[BlackElo "2336"]

1.e4 c5 2.Nf3 Nc6 3.d4 cxd4 4.Nxd4 Nf6 5.Nc3 d6 6.Bg5 e6 7.Qd2 a6 8.O-O-O Bd7
9.f4 b5 10.Bxf6 gxf6 11.Kb1 Qb6 12.Nce2 b4 13.f5 e5 14.Nxc6 Bxc6 15.Ng3 Qc5
16.Bd3 Rg8 17.Qe2 Ke7 18.Bc4 Bb5 19.Bxb5 axb5 20.Rd5 Qa7 21.a3 bxa3 22.b3 a2+
23.Ka1 Bh6 24.Qxb5 Be3 25.Qd3 Bc5 26.c3 Rgb8 27.Qc2 Qa3 28.b4 Bxb4 29.cxb4 Rxb4
30.Qc7+ Kf8 31.Rd2 Rab8 32.Qxd6+ Kg8 33.Qxb8+ Rxb8 34.Ne2 Qe3 35.Rxa2 Qxe4
36.Rf1 Ra8 37.Rxa8+ Qxa8+ 38.Kb2 Kf8 39.Rf3 Qe4 40.Nc3 Qg4 41.Rf2 Qd4 42.Rc2 Qb4+
43.Ka2 Qf4 44.g3 Qxf5 45.Re2 Qd3 46.Kb2 h5 47.Kb3 Ke7 48.Re4 Ke6 49.Rh4 Qf3
50.Kc4 f5 51.Nb5 Kf6 52.Nc3 Kg5 53.Nd5 f4 54.Kc5 fxg3 55.hxg3 Qxg3 56.Rb4 h4
57.Rb8 Qa3+ 58.Kc6 h3 59.Rg8+ Kh4 60.Rh8+ Kg3  0-1

[Event "II Holuj-Radzikowski Mem"]
[Site "Warsaw POL"]
[Date "2012.07.07"]
[Round "7.1"]
[White "Lach,A"]
[Black "Wisniowska,K"]
[Result "1/2-1/2"]
[WhiteElo "2153"]
[BlackElo "2165"]

1.e4 c5 2.Nf3 d6 3.d4 cxd4 4.Nxd4 Nf6 5.Nc3 Nc6 6.Bg5 e6 7.Qd3 a6 8.O-O-O Be7
9.f4 Nxd4 10.Qxd4 b5 11.Bxf6 gxf6 12.Be2 Qc7 13.Bh5 Qc5 14.Qxc5 dxc5 15.e5 f5
16.g4 Bb7 17.Rhf1 fxg4 18.Bxg4 Rg8 19.Bf3 Bxf3 20.Rxf3 Rg4 21.Ne4 Rd8 22.Rxd8+ Kxd8
23.Kd2 Rg2+ 24.Rf2 Rg1 25.Rf3 Rg2+ 26.Rf2 Rg1 27.Rf3 Rg2+ 28.Rf2  1/2-1/2

[Event "11th ROC Nova Open"]
[Site "Haarlem NED"]
[Date "2012.07.08"]
[Round "4.4"]
[White "Willemze,T"]
[Black "Beeke,B"]
[Result "1-0"]
[WhiteElo "2387"]
[BlackElo "2253"]

1.e4 c5 2.Nf3 d6 3.d4 cxd4 4.Nxd4 Nf6 5.Nc3 Nc6 6.Bg5 e6 7.Qd2 a6 8.O-O-O Bd7
9.f4 b5 10.Bxf6 gxf6 11.Kb1 Qb6 12.Nf5 exf5 13.Nd5 Qd8 14.exf5 Be7 15.Bd3 O-O
16.g4 Re8 17.Rhg1 Kh8 18.Qf2 Rg8 19.Rde1 Ne5 20.fxe5 dxe5 21.g5 Bc6 22.Nxe7 Qxe7
23.g6 Rg7 24.Qb6 Qb7 25.Qe3 e4 26.Bxe4 Bxe4 27.Qxe4 Qxe4 28.Rxe4 fxg6 29.fxg6 Rxg6
30.Rf1 Rd8 31.a4 bxa4 32.Rxa4 Rd6 33.Rc4 Rg2 34.h4 Kg7 35.Re1 Kg6 36.Re7 f5
37.Rcc7 Kh5 38.Rxh7+ Rh6 39.Rhf7 Rf2 40.Rc4 Rg6 41.Rh7+ Rh6 42.Rxh6+ Kxh6
43.Rd4 Rf1+ 44.Ka2 Kh5 45.c4 f4 46.c5 f3 47.Rf4 f2 48.Kb3 Rc1 49.Rxf2 Rxc5
50.Rf4 a5 51.Ka4 Rd5 52.b3 Re5 53.Rf6 Kxh4 54.Ra6 Kg4 55.Rxa5 Re8 56.b4 Kf4
57.Kb5 Rb8+ 58.Kc4 Ke4 59.Rc5 Rb7 60.b5 Rb8 61.Rc6  1-0

[Event "34th Oberwart Open A"]
[Site "Oberwart AUT"]
[Date "2012.07.11"]
[Round "5.10"]
[White "Matt,F"]
[Black "Danner,G"]
[Result "1/2-1/2"]
[WhiteElo "2211"]
[BlackElo "2370"]

1.e4 c5 2.Nf3 Nc6 3.d4 cxd4 4.Nxd4 Nf6 5.Nc3 d6 6.Bg5 e6 7.Qd2 Qb6 8.Nb3 Be7
9.O-O-O O-O 10.Be2 Rd8 11.Be3 Qc7 12.f4 a6 13.g4 d5 14.e5 Ne4 15.Nxe4 dxe4
16.Qc3 Bd7 17.Bc5 Rac8 18.Kb1  1/2-1/2

[Event "4th Rethymno Open"]
[Site "Rethymno GRE"]
[Date "2012.07.12"]
[Round "7.24"]
[White "Videnova,I"]
[Black "Royset,P"]
[Result "1/2-1/2"]
[WhiteElo "2328"]
[BlackElo "2190"]

1.e4 c5 2.Nf3 Nc6 3.d4 cxd4 4.Nxd4 Nf6 5.Nc3 d6 6.Bg5 e6 7.Qd2 a6 8.O-O-O Bd7
9.f4 h6 10.Bh4 Nxe4 11.Qe1 g5 12.Nxe4 gxh4 13.Nf5 d5 14.Ned6+ Bxd6 15.Nxd6+ Kf8
16.Qc3 d4 17.Rxd4 Nxd4 18.Qxd4 Rg8 19.Nxb7 Qe7 20.Nc5 Bc6 21.Rg1 Rd8 22.Qe3 a5
23.Nd3 Qd6 24.a3 Qd4 25.Qxd4 Rxd4 26.Kd2 Ke7 27.c3 Rd6 28.Ke3 f6 29.c4 a4
30.Nb4 Ba8 31.Bd3 Rc8 32.g3 h3 33.Rc1 Rc5 34.Rc3 e5 35.Bc2 Rd4 36.fxe5 Rdxc4
37.Rxc4 Rxc4 38.exf6+ Kxf6 39.Bxa4 Re4+ 40.Kf2 Rd4 41.Ke3 Re4+ 42.Kf2 Rc4
43.Bb5 Rd4 44.Nd3 Bc6 45.Ke3 Re4+ 46.Kf3 Rd4+ 47.Bxc6 Rxd3+ 48.Kg4 Rb3 49.Kxh3 Kg5
50.a4 Rxb2 51.Bd7 Ra2 52.Bc6  1/2-1/2

[Event "Int Open ch-SVK 2012"]
[Site "Banska Stiavnica SVK"]
[Date "2012.07.13"]
[Round "7.4"]
[White "Pacher,M"]
[Black "Likavsky,T"]
[Result "1-0"]
[WhiteElo "2437"]
[BlackElo "2438"]

1.e4 c5 2.Nf3 d6 3.d4 cxd4 4.Nxd4 Nf6 5.Nc3 Nc6 6.Bg5 e6 7.Qd2 a6 8.O-O-O Bd7
9.f4 b5 10.Bxf6 gxf6 11.Kb1 Qb6 12.Nxc6 Bxc6 13.Bd3 b4 14.Ne2 a5 15.f5 e5
16.Ng3 h5 17.Qe2 h4 18.Nh5 Ke7 19.Qg4 Bh6 20.Qxh4 Bg5 21.Qg4 Rag8 22.h4 Be3
23.Qf3 a4 24.Bc4 Qc5 25.g4 Rxg4 26.Qxg4 Qxc4 27.Nxf6 Kxf6 28.Rxd6+ Ke7 29.Rhd1 Bd4
30.R6xd4 exd4 31.Qg7 Rh5 32.Qe5+ Kf8 33.Qd6+ Ke8 34.Rg1 Rh8 35.f6 Qe6 36.Qb8+ Kd7
37.Qxh8 Bxe4 38.Qf8 b3 39.Qe7+ Qxe7 40.fxe7 bxa2+ 41.Kxa2 Bxc2 42.h5 Kxe7
43.Ka3 Kf8 44.Kb4 Be4 45.Kxa4 d3 46.h6 d2 47.Kb3 Bf3 48.Kc2  1-0

[Event "ch-SUI Hauptturnier 1 2012"]
[Site "Flims SUI"]
[Date "2012.07.14"]
[Round "3"]
[White "Gaehwiler,G"]
[Black "Humburg,Philipp"]
[Result "1/2-1/2"]
[WhiteElo "2274"]
[BlackElo "1839"]

1.e4 c5 2.Nf3 Nc6 3.d4 cxd4 4.Nxd4 Nf6 5.Nc3 d6 6.Bg5 e6 7.Qd2 a6 8.O-O-O Bd7
9.f4 Qc7 10.Nf3 h6 11.Bh4 Be7 12.Kb1 O-O-O 13.Bd3 Kb8 14.h3 Bc8 15.Qe1 b5
16.Ne2 Nd7 17.Ned4 Bxh4 18.Qxh4 Nc5 19.Nxc6+ Qxc6 20.Rhe1 Bb7 21.e5 d5 22.Nd4 Qb6
23.Qg3 g6 24.Qe3 h5 25.g3 Rc8 26.Nb3 Ka7 27.Nxc5 Qxc5 28.c3 Qxe3 29.Rxe3 Kb6
30.Be2 a5 31.Rd4 Ba6 32.a3 Rb8 33.b4 a4 34.Kc1 Rh7 35.Kd2 Bb7 36.Bd1 Bc6
37.Bc2 Rbh8 38.Re1 Bd7 39.Bb1 Bc6 40.Rf1 Bd7 41.Rf2 Kc7 42.Ke3 Kb6 43.Kd2 Kc7
44.Ke3  1/2-1/2

[Event "87th ch-Paris IdF Open"]
[Site "Paris FRA"]
[Date "2012.07.14"]
[Round "8.11"]
[White "Zhou,Y"]
[Black "Bernard,Ch1"]
[Result "1-0"]
[WhiteElo "2427"]
[BlackElo "2290"]

1.e4 c5 2.Nf3 d6 3.d4 cxd4 4.Nxd4 Nf6 5.Nc3 Nc6 6.Bg5 e6 7.Qd2 a6 8.O-O-O Be7
9.f4 O-O 10.Bxf6 Bxf6 11.Nxc6 bxc6 12.Qxd6 Qb6 13.e5 Rd8 14.Qa3 Qe3+ 15.Kb1 Rxd1+
16.Nxd1 Qxa3 17.bxa3 Rb8+ 18.Kc1 Be7 19.Bc4 Bxa3+ 20.Kd2 Bb7 21.Ne3 Rd8+
22.Ke2 Rd7 23.Rb1 Kf8 24.Bd3 Be7 25.f5 exf5 26.Bxf5 Rc7 27.Nc4 g6 28.Be4 Bc8
29.Nd6 Bg4+ 30.Bf3 Bxf3+ 31.Kxf3 Rd7 32.Rd1 f5 33.c4 c5 34.Kf4 h6 35.Rd5 Bg5+
36.Kf3 Be7 37.Nc8 Ke8 38.Nxe7 Kxe7 39.Rxc5 Rd3+ 40.Kf4 Rd2 41.Rc7+ Kd8 42.Rc6 Rxg2
43.Rxa6 Rg4+ 44.Kf3 Rxc4 45.Rxg6 Rc2 46.Rxh6 Rxa2 47.Kf4 Rf2+ 48.Kg5 Ke7
49.h4 f4 50.Kf5 f3 51.Rh7+ Kf8 52.Kf6 Kg8 53.Rg7+ Kh8 54.Rg3 Rh2 55.Rxf3 Rxh4
56.e6  1-0

[Event "ch-SWE 2012"]
[Site "Falun SWE"]
[Date "2012.07.15"]
[Round "9.2"]
[White "Blomqvist,E"]
[Black "Vaarala,E"]
[Result "1-0"]
[WhiteElo "2457"]
[BlackElo "2251"]

1.e4 c5 2.Nc3 d6 3.Nf3 Nc6 4.d4 cxd4 5.Nxd4 Nf6 6.Bg5 e6 7.Qd2 a6 8.O-O-O Bd7
9.f4 h6 10.Bh4 b5 11.Nxc6 Bxc6 12.Qe1 Be7 13.f5 b4 14.Bxf6 Bxf6 15.Nd5 Bxd5
16.exd5 Qa5 17.Kb1 e5 18.h4 h5 19.a3 Rb8 20.Rh3 Qc5 21.Rb3 a5 22.c3 O-O 23.cxb4 axb4
24.axb4 Qa7 25.Qe4 Rfc8 26.Be2 Qa4 27.Rdd3 Ra8 28.Rdc3 Qa1+ 29.Kc2 Rxc3+
30.Rxc3 Ra2 31.Rb3 Qh1 32.Ra3 Rxa3 33.bxa3 Bxh4 34.a4 Bf2 35.Kb3 h4 36.Bd3 Bd4
37.Kc4 Qa1 38.a5 Qa4 39.Bc2 Qd7 40.Kb3 Qc7 41.Qd3 Kf8 42.Qc4 Qd8 43.Qc6 Ke7
44.Ka4 Kf6 45.b5 Qe7 46.Be4 Kg5 47.Qc1+ Kg4 48.b6 Qb7 49.Qc6 Qa6 50.f6 gxf6
51.b7 Qf1 52.Qc8+ Kg5 53.b8=Q Qa1+ 54.Kb5 Qb2+ 55.Kc6  1-0

[Event "Turkish Bank Chess League 2012"]
[Site "Konya TUR"]
[Date "2012.07.16"]
[Round "6"]
[White "Korkmaz,N"]
[Black "Savina,A"]
[Result "1-0"]
[WhiteElo "2151"]
[BlackElo "2304"]

1.e4 c5 2.Nf3 d6 3.d4 cxd4 4.Nxd4 Nf6 5.Nc3 Nc6 6.Bg5 Bd7 7.Bc4 Qa5 8.Bxf6 gxf6
9.Nb3 Qg5 10.Qd5 Be6 11.Qxg5 fxg5 12.Nd5 Rc8 13.h4 g4 14.O-O-O h5 15.f4 gxf3
16.gxf3 Bd7 17.Be2 Bg7 18.Rhg1 Kf8 19.Kb1 Ne5 20.Nxe7 Kxe7 21.Rxg7 Ng6 22.f4 Nxf4
23.Nd4 Nxe2 24.Nxe2 Rhg8 25.Rdg1 Rxg7 26.Rxg7 Bg4 27.Nc3 Rc5 28.Rg8 Kf6 29.Rb8 Bc8
30.Kc1 Ke6 31.Kd2 Kd7 32.Nd5 b6 33.b4 Rxd5+ 34.exd5 Kc7 35.Ra8 Kb7 36.Rxc8 Kxc8
37.Ke3 b5 38.Kf4 Kd7 39.Kg5 Ke7 40.Kxh5 Kf6 41.Kg4 Kg6 42.h5+ Kh6 43.c3 a6
44.a3 Kh7 45.Kg5  1-0

[Event "7th Nana Aleksandria Cup"]
[Site "Poti GEO"]
[Date "2012.07.16"]
[Round "3.15"]
[White "Ghvamberia,N"]
[Black "Maghalashvili,Da"]
[Result "0-1"]
[WhiteElo "1935"]
[BlackElo "2472"]

1.e4 c5 2.Nf3 d6 3.d4 cxd4 4.Nxd4 Nf6 5.Nc3 Nc6 6.Bg5 e6 7.Qd2 Qb6 8.Nb3 Be7
9.O-O-O O-O 10.f3 a6 11.h4 Rd8 12.Be3 Qc7 13.Qf2 Nd7 14.g4 b5 15.g5 Nce5
16.Kb1 Rb8 17.h5 Nb6 18.g6 b4 19.gxf7+ Nxf7 20.Ne2 Nc4 21.Bc1 a5 22.Nf4 Bf6
23.h6 g6 24.Rg1 Kf8 25.Bxc4 Qxc4 26.Nxg6+ hxg6 27.Rxg6 Bh8 28.Qg3 Rb5 29.Bg5 Nxg5
30.Rxg5 a4 31.Nc1 Ke7 32.Rg6 Ba6 33.Qh4+ Kd7 34.Rg7+ Bxg7 35.hxg7 Rc8 36.Rd2 Rg8
37.Qf6 Ke8 38.Rd4 Qc8  0-1

[Event "6th Varna Open"]
[Site "Varna BUL"]
[Date "2012.07.16"]
[Round "5.2"]
[White "Vavric,P"]
[Black "Bagaturov,G"]
[Result "1/2-1/2"]
[WhiteElo "2186"]
[BlackElo "2455"]

1.e4 c5 2.Nf3 Nc6 3.d4 cxd4 4.Nxd4 Nf6 5.Nc3 d6 6.Bg5 e6 7.Qd2 a6 8.O-O-O h6
9.Nxc6 bxc6 10.Bf4 d5 11.Qe3 Bb7 12.Be2 Bb4 13.Be5 O-O 14.Qg3 Ne8 15.a3 Bd6
16.f4 Qe7 17.Rhe1 Rd8 18.f5 Bxe5 19.Qxe5 Qd6 20.Qxd6 Nxd6 21.fxe6 fxe6 22.Bg4 Bc8
23.e5 Nb5 24.Nxb5 axb5 25.b4 Rf4 26.Bf3 Bd7 27.Rd3 c5 28.bxc5 Rc8 29.Kb2 b4
30.axb4 Rxb4+ 31.Rb3 Rc4 32.Rc3 R8xc5  1/2-1/2

[Event "27th Gniota Memorial"]
[Site "Police POL"]
[Date "2012.07.17"]
[Round "7.1"]
[White "Musialkiewicz,J"]
[Black "Shishkin,Va UKR"]
[Result "1/2-1/2"]
[WhiteElo "2189"]
[BlackElo "2485"]

1.e4 c5 2.Nf3 Nc6 3.d4 cxd4 4.Nxd4 Nf6 5.Nc3 d6 6.Bg5 Qb6 7.Nb3 e6 8.Bf4 Ne5
9.Be3 Qc7 10.f4 Nc6 11.Be2 Be7 12.O-O a6 13.a4 b6 14.Bf3 Bb7 15.Kh1 O-O 16.g4 d5
17.e5 Ne4 18.Qe2 Rac8 19.Bg2 Nxc3 20.bxc3 f6 21.Nd4 Nxd4 22.Bxd4 fxe5 23.Bxe5 Bd6
24.Rae1 Rfe8 25.Qf2 a5 26.Bxd6 Qxd6 27.Rb1 Rc6 28.Qd4 Rc5 29.Rfe1 Qc7 30.Re5 Rxc3
31.Qxb6 Qxb6 32.Rxb6 Rxc2 33.h3 Bc6 34.f5 Kf7 35.fxe6+ Rxe6 36.Rxc6 Rcxc6
37.Bxd5 Kf6 38.Rf5+ Kg6 39.Bxe6 Rxe6 40.Rxa5 Re3 41.Kg2 Ra3 42.h4 h6 43.Ra6+ Kf7
44.h5 Ke7 45.Kf2 Kf7 46.a5 Ra4 47.Kf3 Kf8 48.Ra7 Kg8 49.a6 Kf8 50.Ra8+ Kf7
51.Kg3 Kf6 52.Rf8+ Ke7 53.Ra8 Kf6 54.Rf8+ Ke7 55.Ra8  1/2-1/2

[Event "5th Paleochora Open"]
[Site "Paleochora GRE"]
[Date "2012.07.18"]
[Round "4.19"]
[White "Hrisanthopoulos,D"]
[Black "Ashwin,J"]
[Result "0-1"]
[WhiteElo "2047"]
[BlackElo "2476"]

1.e4 c5 2.Nf3 d6 3.d4 cxd4 4.Nxd4 Nf6 5.Nc3 Nc6 6.Bg5 e6 7.Qd2 a6 8.f3 Be7
9.O-O-O Nxd4 10.Qxd4 b5 11.Kb1 Bb7 12.g4 O-O 13.h4 Rc8 14.Qd2 b4 15.Bxf6 Bxf6
16.Ne2 Qc7 17.Nf4 Rfd8 18.Bd3 d5 19.exd5 Be5 20.Nh5 Bxd5 21.f4 Qa5  0-1

[Event "6th Varna Open"]
[Site "Varna BUL"]
[Date "2012.07.18"]
[Round "7.2"]
[White "Nikolov,Sas"]
[Black "Bagaturov,G"]
[Result "1/2-1/2"]
[WhiteElo "2386"]
[BlackElo "2455"]

1.e4 c5 2.Nf3 Nc6 3.d4 cxd4 4.Nxd4 Nf6 5.Nc3 d6 6.Bg5 e6 7.Qd2 Be7 8.O-O-O O-O
9.f3 Nxd4 10.Qxd4 Qa5 11.h4 a6 12.Kb1 b5 13.e5 dxe5 14.Qxe5 Bb7 15.Bd3 Rac8
16.Ne4 Bxe4 17.fxe4 Qc7 18.Qxc7 Rxc7 19.Rd2 h6 20.Bxf6 Bxf6 21.Be2 Rd8  1/2-1/2

[Event "23rd Czech Open A"]
[Site "Pardubice CZE"]
[Date "2012.07.20"]
[Round "1.38"]
[White "Schulz,Je"]
[Black "Andreev,Ed UKR"]
[Result "0-1"]
[WhiteElo "2263"]
[BlackElo "2498"]

1.e4 c5 2.Nf3 d6 3.d4 cxd4 4.Nxd4 Nf6 5.Nc3 Nc6 6.Bg5 e6 7.Qd2 a6 8.O-O-O Bd7
9.f3 h6 10.Be3 b5 11.Nxc6 Bxc6 12.Ne2 Qc7 13.Nd4 Bb7 14.Bd3 e5 15.Nf5 d5
16.exd5 Nxd5 17.Be4 O-O-O 18.Qf2 Qc4 19.Bb6 Qxa2 20.c4 Qxc4+ 21.Kb1 Nc3+
22.bxc3 Qb3+ 23.Ka1 Rxd1+ 24.Rxd1 Qxd1+ 25.Kb2 b4 26.Ba5 bxc3+ 27.Bxc3 Qa4
28.Qe3 Ba3+ 29.Kb1 Bxe4+ 30.fxe4 Qb3+ 31.Ka1 Rd8  0-1

[Event "23rd Czech Open A"]
[Site "Pardubice CZE"]
[Date "2012.07.21"]
[Round "2.52"]
[White "Schroeder,Ja"]
[Black "Stocek,J"]
[Result "0-1"]
[WhiteElo "2311"]
[BlackElo "2573"]

1.e4 c5 2.Nf3 Nc6 3.d4 cxd4 4.Nxd4 Nf6 5.Nc3 d6 6.Bg5 e6 7.Qd2 a6 8.O-O-O Bd7
9.f3 b5 10.Nxc6 Bxc6 11.Ne2 Rc8 12.Nd4 Bb7 13.h4 Be7 14.Kb1 h6 15.Be3 Nd7
16.Qf2 Qc7 17.Bd3 d5 18.exd5 Bxd5 19.Rhe1 Nc5 20.Bf1 O-O 21.Nb3 Nxb3 22.axb3 Bb4
23.Re2 a5 24.Bd4 f6 25.Re3 a4 26.Bxb5 axb3 27.cxb3 e5 28.Bxe5 fxe5 29.Rxd5 Qc1+
30.Ka2 Rc2 31.Qxc2 Qxc2 32.Rdxe5 Ra8+ 33.Ba4 Qxg2 34.h5 Qd2 35.R3e4 Bf8  0-1

[Event "23rd Czech Open A"]
[Site "Pardubice CZE"]
[Date "2012.07.21"]
[Round "2.45"]
[White "Moritz,A"]
[Black "Alekseenko,K"]
[Result "1/2-1/2"]
[WhiteElo "2104"]
[BlackElo "2450"]

1.e4 c5 2.Nf3 Nc6 3.d4 cxd4 4.Nxd4 Nf6 5.Nc3 d6 6.Bg5 e6 7.Qd2 a6 8.f3 Be7
9.O-O-O Bd7 10.h4 b5 11.Nxc6 Bxc6 12.Ne2 Bb7 13.Nd4 h6 14.Be3 Nd7 15.Kb1 Rc8
16.Be2 Bxh4 17.g4 Nf8 18.Rxh4 Qxh4 19.Bxb5+ axb5 20.Nxb5 Ng6 21.Nxd6+ Kf8
22.Nxc8 Bxc8 23.Qc3 Kg8 24.Qxc8+ Kh7 25.Qc3 Qg3 26.Bd4 Rd8 27.Rc1 f6 28.a4 Nh4
29.Bxf6 gxf6 30.Qxf6 Rd2 31.Rh1 Qc7 32.c4 Qd7 33.Qxh4 Rd1+  1/2-1/2

[Event "23rd Czech Open A"]
[Site "Pardubice CZE"]
[Date "2012.07.23"]
[Round "4.40"]
[White "Givon,A"]
[Black "Maximov,D"]
[Result "1/2-1/2"]
[WhiteElo "2336"]
[BlackElo "2480"]

1.e4 c5 2.Nf3 d6 3.d4 cxd4 4.Nxd4 Nf6 5.Nc3 Nc6 6.Bg5 e6 7.Qd2 a6 8.O-O-O Bd7
9.f4 b5 10.Bxf6 gxf6 11.Kb1 Qb6 12.Nxc6 Bxc6 13.f5 h5 14.Qe1 O-O-O 15.Qh4 Be7
16.a3 Qc5 17.Qh3 Bd7 18.Be2 Kb8 19.Bxh5 exf5 20.exf5 Bxf5 21.g4 Be6 22.Qd3 f5
23.Qf3 Bf6 24.Nd5 Qc6 25.Qd3 Bxd5 26.Qxd5 Qxd5 27.Rxd5 Be5 28.Bxf7  1/2-1/2

[Event "23rd Czech Open A"]
[Site "Pardubice CZE"]
[Date "2012.07.24"]
[Round "5.101"]
[White "Wagener,Cl"]
[Black "Kosata,J"]
[Result "1/2-1/2"]
[WhiteElo "2261"]
[BlackElo "2123"]

1.e4 c5 2.Nf3 d6 3.d4 cxd4 4.Nxd4 Nf6 5.Nc3 Nc6 6.Bg5 e6 7.Qd2 a6 8.O-O-O h6
9.Bf4 Bd7 10.Nb3 Ne5 11.f3 b5 12.Qf2 Qc7 13.Kb1 b4 14.Ne2 a5 15.Ned4 Rb8
16.Bc1 d5 17.exd5 Nxd5 18.f4 Nc4 19.Bxc4 Qxc4 20.Qe2 Qxe2 21.Nxe2 a4 22.Nbd4 Be7
23.f5 O-O 24.Ng3 Rfe8 25.Rhe1 Bf8 26.Nf3 Rb5 27.Nd4 Rb7 28.fxe6 fxe6 29.Nge2 e5
30.Nf3 Bc6 31.Ng3 b3 32.cxb3 axb3 33.a3 Rbe7 34.Ne4 Rb7 35.g3 Nf6 36.Nxf6+ gxf6
37.Nh4 Rd7 38.Rxd7 Bxd7 39.Be3  1/2-1/2

[Event "27th Avoine Open"]
[Site "Avoine FRA"]
[Date "2012.07.25"]
[Round "5.37"]
[White "Aubry,Y"]
[Black "Savalle,Al"]
[Result "1-0"]
[WhiteElo "2104"]
[BlackElo "1929"]

1.e4 c5 2.Nf3 Nc6 3.d4 cxd4 4.Nxd4 Nf6 5.Nc3 d6 6.Bg5 e6 7.Qd2 Be7 8.f4 a6
9.O-O-O O-O 10.Be2 Nxd4 11.Qxd4 b5 12.Bf3 Bb7 13.e5 Bxf3 14.exf6 gxf6 15.gxf3 fxg5
16.Ne4 h6 17.h4 d5 18.hxg5 dxe4 19.Qxe4 Bd6 20.Rxh6 Re8 21.Qh7+ Kf8 22.Rf6 Ra7
23.Qh8+ Ke7 24.Rxf7+ Kxf7 25.g6+ Kxg6 26.Rg1+ Kf5 27.Qh5+ Kxf4 28.Rg4+ Ke3
29.Qh6+ Kf2 30.Qd2+  1-0

[Event "21st Kavala Open A"]
[Site "Kavala GRE"]
[Date "2012.07.26"]
[Round "2"]
[White "Kaforos,D"]
[Black "Pavlidis,Ant"]
[Result "0-1"]
[WhiteElo "2228"]
[BlackElo "2462"]

1.e4 c5 2.Nf3 Nc6 3.d4 cxd4 4.Nxd4 Nf6 5.Nc3 d6 6.Bg5 e6 7.Qd2 Be7 8.O-O-O a6
9.f4 Nxd4 10.Qxd4 b5 11.Be2 Bb7 12.Bf3 O-O 13.e5 Bxf3 14.gxf3 dxe5 15.fxe5 Qxd4
16.Rxd4 Nd5 17.Bxe7 Nxe7 18.f4 Nf5 19.Rd7 Rac8 20.Ra7 b4 21.Na4 Rc6 22.Rd1 Ne3
23.Rd2 Rfc8 24.Kb1 g5 25.fxg5 Rxc2 26.Rxc2 Rxc2 27.a3 Rxh2 28.axb4 Nd5 29.Rxa6 Rh1+  0-1

[Event "21st Kavala Open A"]
[Site "Kavala GRE"]
[Date "2012.07.27"]
[Round "4"]
[White "Mastrovasilis,D"]
[Black "Maghalashvili,Da"]
[Result "1-0"]
[WhiteElo "2616"]
[BlackElo "2472"]

1.e4 c5 2.Nf3 d6 3.d4 cxd4 4.Nxd4 Nf6 5.Nc3 Nc6 6.Bg5 e6 7.Qd2 Qb6 8.Bxf6 gxf6
9.Nb3 Bd7 10.Be2 h5 11.O-O Ne5 12.a4 a6 13.a5 Qa7 14.Na4 Bxa4 15.Rxa4 Be7
16.Kh1 Rd8 17.c4 Nd7 18.Raa1 Qb8 19.Nd4 Qc7 20.b4 Ne5 21.Rac1 Nc6 22.Nc2 h4
23.h3 Ne5 24.f4 Nd7 25.Ne3 Bf8 26.Bd1 Qc6 27.Bf3 Qc7 28.Qe1 Bh6 29.Qxh4 Ke7
30.Qg3 b6 31.Ra1 bxa5 32.Rxa5 Qb6 33.Nc2 Rdg8 34.Bg4 Qc6 35.Qd3 Rxg4 36.hxg4 Ne5
37.Rxe5 fxe5 38.g3 Bxf4+ 39.Kg2 Bg5 40.Ne1 Rc8 41.Nf3 Bf6 42.g5 Bg7 43.Rd1 Rb8
44.Rb1 Qa4 45.b5 Qa2+ 46.Kh3 axb5 47.cxb5 Qf2 48.Rd1 Qc5 49.Rb1 Kf8 50.Rc1 Qxb5
51.Qxd6+ Kg8 52.g6 Rf8 53.gxf7+ Kxf7 54.Rc7+ Kg8 55.Qxe6+ Kh8 56.Rf7 Qf1+
57.Kg4 Rxf7 58.Qxf7 Qe2 59.Kh5 Qd1 60.Qe8+ Kh7 61.Qg6+ Kh8 62.Qf5 Qd6 63.Ng5 Qd1+
64.Kg6  1-0

[Event "23rd Czech Open A"]
[Site "Pardubice CZE"]
[Date "2012.07.28"]
[Round "9.40"]
[White "Schulz,Je"]
[Black "Maximov,D"]
[Result "1/2-1/2"]
[WhiteElo "2263"]
[BlackElo "2480"]

1.e4 c5 2.Nf3 d6 3.d4 cxd4 4.Nxd4 Nf6 5.Nc3 Nc6 6.Bg5 e6 7.Qd2 a6 8.O-O-O Bd7
9.f3 h6 10.Be3 Qc7 11.g4 Ne5 12.Rg1 b5 13.h4 g6 14.g5 hxg5 15.hxg5 Nh5 16.f4 b4
17.Nb1 Nc4 18.Bxc4 Qxc4 19.b3 Qc8 20.f5 e5 21.fxg6 fxg6 22.Ne2 Qb7 23.Qd5 Qxd5
24.exd5 Rc8 25.c4 bxc3 26.Nbxc3 Nf4 27.Kd2 Bf5 28.Nxf4 exf4 29.Bxf4 Rh4 30.Rgf1 Rh3
31.Rde1+ Kd7 32.Re3 Rxe3 33.Bxe3 Bg7 34.Rc1 Rh8 35.Ne2 Be5 36.Bd4 Rh2 37.Bxe5 dxe5
38.Ke3 Rh3+ 39.Kf2 Bd3 40.Ng1 Rh2+ 41.Ke3 e4 42.a3  1/2-1/2

[Event "PAB Romania Open 2012"]
[Site "Arad ROU"]
[Date "2012.07.29"]
[Round "4.15"]
[White "Pavel,Se"]
[Black "Baltag,I"]
[Result "0-1"]
[WhiteElo "2013"]
[BlackElo "2396"]

1.e4 c5 2.Nf3 Nc6 3.d4 cxd4 4.Nxd4 Nf6 5.Nc3 d6 6.Bg5 e6 7.Qd2 a6 8.O-O-O Bd7
9.f4 b5 10.Bxf6 gxf6 11.Kb1 Qb6 12.Nb3 b4 13.Ne2 a5 14.Nbd4 h5 15.g3 a4 16.Bg2 Rc8
17.Nxc6 Qxc6 18.Nd4 Qc5 19.Rhe1 Bg7 20.Re2 Rc7 21.Nf3 Bb5 22.Ree1 a3 23.b3 O-O
24.Bf1 Bxf1 25.Rxf1 Rfc8 26.Rf2 f5 27.e5 dxe5 28.Nxe5 Bf6 29.Qe1 Bxe5 30.fxe5 Qc3
31.Qxc3 Rxc3 32.Rd3 Rxd3 33.cxd3 Rc3 34.Rf4 Rxd3 35.Rxb4 Rd1+ 36.Kc2 Ra1
37.Rh4 Rxa2+ 38.Kc3 Re2 39.Ra4 Rxh2 40.Ra8+ Kg7 41.b4 Rg2 42.b5 Rb2 43.Kc4 a2
44.Ra3 h4 45.gxh4 f4  0-1